مقدمة في الفلسفة الاسلامية / (Record no. 15875)
[ view plain ]
| 000 -الفاتح | |
|---|---|
| حقل البيانات ثابتة الطول | 00576nam a22001457a 4500 |
| 008 - عناصر البيانات ثابتة الطول - معلومات عامة | |
| حقل البيانات ثابتة الطول | 110818t xxu||||| |||| 00| 0 ara d |
| 082 ## - رقم تصنيف ديوى العشرى | |
| رقم الطبعة | 22 |
| رقم المادة | ش ي ب |
| رقم التصنيف | 181.07 |
| 100 1# - المدخل الرئيسى - إسم شخصى | |
| 9 (RLIN) | 26803 |
| الإسم الشخصى | الشيباني ، عمر محمد التومي |
| 245 ## - بيان العنوان | |
| العنوان | مقدمة في الفلسفة الاسلامية / |
| بيان المسئوليه,etc | عمر محمد التومي الشيباني |
| 250 ## - بيان الطبعة | |
| بيان الطبعة | ط 3. |
| بقية بيان الطبعة | مزيدة. |
| 260 ## - PUBLICATION, DISTRIBUTION, ETC. (IMPRINT) | |
| مكان الناشر او الموزع | [د. م ] : |
| اسم الناشر او الموزع | الدار العربية للكتاب ، |
| تاريخ النشر أو التوزيع | 1982. |
| 300 ## - الوصف المادى | |
| التعداد | 263 ص : |
| أبعاد الوعاء | 24 سم. |
| 504 ## - تبصرة ببليوجرافية | |
| تبصرة ببليوجرافية,الخ | يحتوي علي ارجاعات ببليوجرافية |
| 942 ## - عناصر المدخل الإضافي( كوها) | |
| مصدر التصنيف او مخطط الترفيف | Dewey Decimal Classification |
| Koha [default] item type | Book - Borrowing |
| حالة التراجع | حالة الفقد | مصدر التصنيف او خطة الترفيف | حالة تلف | ليس للاعارة | مجموعات كوها | المكان الدائم | المكان الحالي | موقع الترفيف | تاريخ الاكتساب | Source of acquisition | رقم الاستدعاء | الباركود | Date last seen | مُعار | نوع الوعاء |
|---|---|---|---|---|---|---|---|---|---|---|---|---|---|---|---|
| Dewey Decimal Classification | Alef-Baa | Central Library | Central Library | Lower Floor | 18/08/2011 | 181.07 ش ي ب | 000024104 | 15/07/2025 | 27/01/2019 | Book - Borrowing | |||||
| Dewey Decimal Classification | Alef-Baa | Central Library | Central Library | Lower Floor | 18/08/2011 | 181.07 ش ي ب | 000024103 | 15/07/2025 | Book - Borrowing | ||||||
| Dewey Decimal Classification | Alef-Baa | Central Library | Central Library | Lower Floor | 21/08/2011 | 181.07 ش ي ب | 000024600 | 15/07/2025 | 17/12/2014 | Book - Borrowing |